| 000 | 00851nam a2200301Ia 4500 | ||
|---|---|---|---|
| 001 | 23688 | ||
| 003 | IT-RoPAU | ||
| 008 | 130308s9999 xx 000 0 und d | ||
| 040 | _aIT-RoPAU | ||
| 040 | _cIT-RoPAU | ||
| 041 | _aINGLESE | ||
| 100 | _aKniveton Bromley H. | ||
| 100 | _gCodice Aut. SPICS: 7505 | ||
| 245 | _aSocial Learning and Imitation in Relation to Television | ||
| 245 | _bChildren And Television | ||
| 250 | _a1a ed. | ||
| 260 | _aLONDON | ||
| 260 | _bMacmillan | ||
| 260 | _c1976 [1° Ed.:1976 - Ed.Ling.Originale:1976] | ||
| 300 | _a"30 p. (prefazione: no ; testo: 30 [pagine: 237-266])" | ||
| 500 | _aApprendimento Sociale e Imitazione in Rapporto Alla Televisione | ||
| 650 | _aSAGGI SULLA TELEVISIONE | ||
| 650 | _eCodice materia Spics: 6961 | ||
| 942 | _cBK | ||
| 957 | _71 | ||
| 999 |
_c58004 _d58004 |
||
| 999 | _bSI | ||
| 999 | _g1 | ||